| 000 | 00527nam a22001937a 4500 | ||
|---|---|---|---|
| 003 | OSt | ||
| 005 | 20180116183032.0 | ||
| 008 | 151222b xxu||||| |||| 00| 0 eng d | ||
| 020 | _a05-280-90-1 | ||
| 024 | _205-280-90-1 | ||
| 040 | _cLahore LUMS | ||
| 082 | _a 174.4 LUM 1990 | ||
| 100 | _aZafar Iqbal Qurashi | ||
| 245 |
_aTHE SAAD DILEMMA _cZafar Iqbal Qurashi |
||
| 260 |
_aLahore LUMS _b Lahore University of Management Sciences _c1990 |
||
| 300 |
_a 6 p. _bPapers |
||
| 440 | _aTHE SAAD DILEMMA | ||
| 942 |
_2ddc _cCS |
||
| 999 |
_c351061 _d351061 |
||